[Event "Pont Major Gerunda op 1st"]
[Site "Pont Major"]
[Date "2016.04.15"]
[Round "2"]
[White "Salagran Ferragut, Guillem"]
[Black "Bonavia Heredia, Francesc"]
[Result "1-0"]
[WhiteElo "2247"]
[BlackElo "1779"]
[PlyCount "101"]
[EventDate "2016.04.08"]
[EventType "swiss"]
[EventRounds "9"]
[EventCountry "ESP"]
[SourceTitle "EXT 2017"]
[Source "ChessBase"]
[SourceDate "2016.10.25"]
[SourceVersion "1"]
[SourceVersionDate "2016.10.25"]
[SourceQuality "1"]

1. e4 e5 2. Nf3 Nc6 3. d4 exd4 4. Nxd4 Bc5 5. Be3 Nxd4 6. Bxd4 Bxd4 7. Qxd4 Nf6 8. e5 Qe7 9. Be2 c5 10. Qf4 Nd5 11. Qg3 0-0 12. 0-0 Nb6 13. Nc3 f6 14. exf6 Qxf6 15. a4 d5 16. a5 Nd7 17. Nxd5 Qe5 18. Bc4 Kh8 19. Rae1 Qxg3 20. fxg3 Nf6 21. Nxf6 gxf6 22. Re7 b6 23. a6 Bg4 24. Rf4 Bh5 25. Rh4 Rfe8 26. Rxe8+ Bxe8 27. Bd3 h5 28. g4 Kg7 29. gxh5 Kh6 30. Rf4 Bxh5 31. Rxf6+ Kg7 32. Rc6 Rf8 33. Rc7+ Rf7 34. Rb7 Kf6 35. h3 Re7 36. Kf2 Bf7 37. b3 Bd5 38. Rxe7 Kxe7 39. g4 Kf6 40. Ke3 Kg5 41. Be4 Be6 42. Kf3 c4 43. bxc4 Bxc4 44. Bd3 Bd5+ 45. Kg3 Bc6 46. h4+ Kh6 47. Kf4 Bd7 48. Be2 Ba4 49. g5+ Kg7 50. Bd3 Be8 51. Ke5 1-0

[Event "Girona Territorial-ch"]
[Site "Girona"]
[Date "2014.10.26"]
[Round "4"]
[White "Bonavia Heredia, Francesc"]
[Black "Badosa Romanyo, Albert"]
[Result "1-0"]
[WhiteElo "1958"]
[BlackElo "2000"]
[PlyCount "119"]
[EventDate "2014.10.05"]
[EventType "swiss"]
[EventRounds "9"]
[EventCountry "CAT"]
[SourceTitle "CBM 163 Extra"]
[Source "ChessBase"]
[SourceDate "2014.12.23"]
[SourceVersion "1"]
[SourceVersionDate "2014.12.23"]
[SourceQuality "1"]

1. d4 Nf6 2. c4 d5 3. Nd2 g6 4. g3 Bg7 5. Bg2 0-0 6. Ngf3 c6 7. 0-0 Nbd7 8. b3 e5 9. dxe5 Ng4 10. cxd5 Ndxe5 11. Rb1 cxd5 12. Bb2 Qa5 13. a4 Nxf3+ 14. Nxf3 Nf6 15. b4 Qd8 16. Nd4 Qe7 17. Qd3 Re8 18. Ba1 Bd7 19. b5 Rac8 20. Rbc1 Ne4 21. e3 Qb4 22. Qb3 Qd6 23. Qd3 Qb4 24. Qb3 Qd6 25. Rfd1 Be6 26. Nxe6 Rxc1 27. Rxc1 Bxa1 28. Bxe4 dxe4 29. Rxa1 Qxe6 30. Qxe6 Rxe6 31. Rd1 a6 32. Rd7 Rb6 33. bxa6 Rxa6 34. Rd4 f5 35. Kg2 Ra5 36. g4 b5 37. Rd5 Rxa4 38. Rxb5 fxg4 39. Rg5 Ra6 40. Rxg4 Re6 41. h4 Re5 42. Kg3 Kg7 43. Rf4 g5 44. hxg5 Kg6 45. Kh4 Rxg5 46. Rxe4 Rh5+ 47. Kg3 Kf5 48. Rf4+ Ke5 49. Ra4 Rh1 50. Rh4 Rg1+ 51. Kf3 Rg7 52. Rh5+ Ke6 53. Ke4 Kf6 54. f4 Re7+ 55. Kf3 Kg6 56. Ra5 h5 57. e4 h4 58. Rg5+ Kh6 59. e5 Re6 60. Kg4 1-0

[Event "Girona Territorial-ch"]
[Site "Girona"]
[Date "2014.10.12"]
[Round "2"]
[White "Bonavia Heredia, Francesc"]
[Black "Molina Carretero, Daniel"]
[Result "0-1"]
[WhiteElo "1958"]
[BlackElo "2217"]
[PlyCount "66"]
[EventDate "2014.10.05"]
[EventType "swiss"]
[EventRounds "9"]
[EventCountry "CAT"]
[SourceTitle "CBM 163 Extra"]
[Source "ChessBase"]
[SourceDate "2014.12.23"]
[SourceVersion "1"]
[SourceVersionDate "2014.12.23"]
[SourceQuality "1"]

1. d4 Nf6 2. c4 c5 3. d5 b5 4. e3 e6 5. dxe6 fxe6 6. cxb5 d5 7. Nf3 Bd6 8. Nc3 0-0 9. Bd3 Bb7 10. Qc2 Nbd7 11. a4 Qe7 12. Ng5 h6 13. Nh7 Nxh7 14. Bxh7+ Kh8 15. Bd3 Rf6 16. f4 e5 17. 0-0 e4 18. Be2 d4 19. exd4 cxd4 20. Nd1 Rc8 21. Bc4 e3 22. g3 Nb6 23. b3 Be4 24. Qe2 Nxc4 25. bxc4 d3 26. Qg4 Bf5 27. Qf3 e2 28. Re1 Bc5+ 29. Nf2 Rd8 30. Bd2 Be4 31. Qg4 Ba8 32. h4 Qe4 33. Qh3 Rg6 0-1

[Event "Palafrugell Gelpi Memorial 27th"]
[Site "Palafrugell"]
[Date "2012.11.10"]
[Round "8"]
[White "Fernandez Garcia, Francesc"]
[Black "Bonavia Heredia, Francesc"]
[Result "1-0"]
[WhiteElo "2073"]
[BlackElo "1779"]
[PlyCount "129"]
[EventDate "2012.09.22"]
[EventType "swiss"]
[EventRounds "9"]
[EventCountry "ESP"]
[SourceTitle "EXT 2014"]
[Source "ChessBase"]
[SourceDate "2013.11.20"]
[SourceVersion "1"]
[SourceVersionDate "2013.11.20"]
[SourceQuality "1"]

1. c4 e5 2. g3 Nf6 3. Bg2 c6 4. d4 e4 5. Nc3 d5 6. e3 Bg4 7. Nge2 Nbd7 8. Qb3 Qb6 9. 0-0 Qa6 10. h3 Bf3 11. g4 Qxc4 12. Qxc4 dxc4 13. Ng3 Bxg2 14. Kxg2 g6 15. Ncxe4 Nxe4 16. Nxe4 Be7 17. Bd2 h5 18. Bc3 hxg4 19. hxg4 Rg8 20. Kf3 Nf6 21. Rh1 Nd5 22. Nd2 b5 23. a3 c5 24. dxc5 Bxc5 25. Ne4 Be7 26. Bd4 Kd7 27. Ng3 a6 28. e4 Nc7 29. Rad1 Ke6 30. Ne2 Bd6 31. Ke3 Be5 32. Bxe5 Kxe5 33. Rd7 Ne6 34. Rxf7 Nc5 35. Nd4 Rae8 36. f4+ Kd6 37. Rf6+ Kd7 38. Rh7+ Re7 39. Rxe7+ Kxe7 40. g5 Na4 41. Rxa6 Nxb2 42. Ra7+ Ke8 43. Ra8+ Kf7 44. Rxg8 Kxg8 45. Nxb5 c3 46. Nxc3 Nc4+ 47. Kd4 Nxa3 48. f5 Nc2+ 49. Ke5 Ne3 50. Kf6 gxf5 51. exf5 Ng4+ 52. Ke6 Kf8 53. Ne4 Ne3 54. Nf6 Ng2 55. Nh5 Nh4 56. Nf4 Nf3 57. Kf6 Kg8 58. g6 Nh4 59. Ne6 Kh8 60. Kg5 Nf3+ 61. Kh6 Kg8 62. f6 Ne5 63. Kg5 Nf3+ 64. Kf4 Nh4 65. f7+ 1-0

[Event "Palafrugell Gelpi Memorial 27th"]
[Site "Palafrugell"]
[Date "2012.10.27"]
[Round "6"]
[White "Parals Marce, Luis"]
[Black "Bonavia Heredia, Francesc"]
[Result "1-0"]
[WhiteElo "2021"]
[BlackElo "1779"]
[PlyCount "93"]
[EventDate "2012.09.22"]
[EventType "swiss"]
[EventRounds "9"]
[EventCountry "ESP"]
[SourceTitle "EXT 2014"]
[Source "ChessBase"]
[SourceDate "2013.11.20"]
[SourceVersion "1"]
[SourceVersionDate "2013.11.20"]
[SourceQuality "1"]

1. d4 d5 2. Nf3 Nf6 3. e3 Nbd7 4. Bd3 c5 5. b3 e6 6. 0-0 Be7 7. Bb2 0-0 8. Nbd2 a6 9. Ne5 Nxe5 10. dxe5 Nd7 11. c4 Qc7 12. cxd5 Nxe5 13. Bxh7+ Kxh7 14. Qh5+ Kg8 15. Bxe5 Bd6 16. Bxd6 Qxd6 17. Nc4 Qxd5 18. Qxd5 exd5 19. Nb6 Rb8 20. Nxd5 Be6 21. Nf4 Bf5 22. f3 Rfe8 23. e4 Bd7 24. Rac1 b6 25. Rfd1 Red8 26. Rd6 Kf8 27. Nd5 Be6 28. Rxd8+ Rxd8 29. Nxb6 Rd2 30. Rxc5 Rxa2 31. Nd5 Ra3 32. Rc6 Rxb3 33. Rxa6 Bxd5 34. exd5 Rd3 35. d6 Ke8 36. Kf2 Kd7 37. h4 Rxd6 38. Rxd6+ Kxd6 39. Ke3 Ke5 40. g4 f5 41. f4+ Kf6 42. g5+ Kg6 43. Kd4 Kh5 44. Ke5 Kxh4 45. Kxf5 Kh5 46. Ke6 Kg6 47. Ke7 1-0

[Event "Palafrugell Gelpi Memorial 27th"]
[Site "Palafrugell"]
[Date "2012.10.20"]
[Round "5"]
[White "Bonavia Heredia, Francesc"]
[Black "Barneda Ciurana, Jordi"]
[Result "1-0"]
[WhiteElo "1779"]
[BlackElo "1913"]
[PlyCount "55"]
[EventDate "2012.09.22"]
[EventType "swiss"]
[EventRounds "9"]
[EventCountry "ESP"]
[SourceTitle "EXT 2014"]
[Source "ChessBase"]
[SourceDate "2013.11.20"]
[SourceVersion "1"]
[SourceVersionDate "2013.11.20"]
[SourceQuality "1"]

1. d4 d5 2. Nf3 Nf6 3. g3 e6 4. Bg2 c5 5. c3 Nc6 6. 0-0 Be7 7. Re1 0-0 8. Nbd2 c4 9. e4 b5 10. exd5 exd5 11. Ne5 Bb7 12. a4 b4 13. Nxc6 Bxc6 14. Nxc4 Rc8 15. Ne5 bxc3 16. bxc3 Ba8 17. c4 dxc4 18. Bxa8 Rxa8 19. Nc6 Qd7 20. Nxe7+ Kh8 21. Qf3 Qxd4 22. Bg5 Ng8 23. Nf5 Qc5 24. Be3 Qc7 25. Qf4 Qc6 26. Rec1 Rfc8 27. Nd6 Nf6 28. Rxc4 1-0

[Event "Palafrugell Gelpi Memorial 27th"]
[Site "Palafrugell"]
[Date "2012.09.29"]
[Round "2"]
[White "Caballero Maytin, Jesus"]
[Black "Bonavia Heredia, Francesc"]
[Result "1-0"]
[WhiteElo "1975"]
[BlackElo "1779"]
[PlyCount "75"]
[EventDate "2012.09.22"]
[EventType "swiss"]
[EventRounds "9"]
[EventCountry "ESP"]
[SourceTitle "EXT 2014"]
[Source "ChessBase"]
[SourceDate "2013.11.20"]
[SourceVersion "1"]
[SourceVersionDate "2013.11.20"]
[SourceQuality "1"]

1. e4 c5 2. Nc3 Nc6 3. d3 e6 4. Nf3 Be7 5. g3 Nf6 6. e5 Ng4 7. Qe2 f6 8. exf6 Nxf6 9. Bg2 d5 10. Bd2 Nb4 11. Qd1 c4 12. a3 d4 13. axb4 dxc3 14. Bxc3 cxd3 15. cxd3 Qb6 16. 0-0 0-0 17. Qa4 Nd5 18. b5 Bf6 19. Bxf6 Rxf6 20. Nd4 Bd7 21. Bxd5 exd5 22. Qb4 Bh3 23. Rfc1 Rf4 24. Rc5 Raf8 25. f3 R4f6 26. Re1 Qd6 27. Qc3 Rg6 28. Kf2 Bd7 29. Rc7 h5 30. Qc5 Qxc5 31. Rxc5 Rg4 32. Rxd5 Bc8 33. Rc1 Rg6 34. Rcc5 Rh6 35. Rxh5 Rxh5 36. Rxh5 Rd8 37. Ke3 Kf7 38. Rc5 1-0

[Event "Girona Provincial-ch"]
[Site "Girona"]
[Date "2011.10.12"]
[Round "2"]
[White "Bonavia Heredia, Francesc"]
[Black "Mas Recorda, Pere"]
[Result "0-1"]
[WhiteElo "1762"]
[BlackElo "2087"]
[PlyCount "72"]
[EventDate "2011.10.09"]
[EventType "swiss"]
[EventRounds "9"]
[EventCountry "ESP"]
[SourceTitle "EXT 2013"]
[Source "ChessBase"]
[SourceDate "2012.11.22"]
[SourceVersion "1"]
[SourceVersionDate "2012.11.22"]
[SourceQuality "1"]

1. d4 e6 2. g3 d5 3. Bg2 f5 4. Nf3 Nf6 5. Bf4 Bd6 6. Ne5 0-0 7. Nd2 c5 8. c3 Nc6 9. Ndf3 cxd4 10. Nxc6 bxc6 11. Bxd6 Qxd6 12. cxd4 c5 13. 0-0 Ba6 14. Re1 Rab8 15. dxc5 Qxc5 16. Qd4 Rfc8 17. b3 Ne4 18. e3 Qc2 19. Qe5 Qxf2+ 20. Kh1 Rb6 21. Rec1 Qxe3 22. Rxc8+ Bxc8 23. Qd4 Qxd4 24. Nxd4 Bb7 25. Rc1 Kf7 26. Kg1 Kf6 27. Bxe4 fxe4 28. h4 Ke5 29. Ne2 Rc6 30. Rxc6 Bxc6 31. Kf2 d4 32. Nf4 Kf5 33. a4 a5 34. Ne2 e3+ 35. Ke1 e5 36. Nc1 Bd5 0-1

[Event "Girona-ch U18"]
[Site "Girona"]
[Date "2009.01.24"]
[Round "5"]
[White "Bonavia Heredia, Francesc"]
[Black "Muratet Carmona, Julia"]
[Result "1/2-1/2"]
[WhiteElo "1770"]
[BlackElo "1670"]
[PlyCount "171"]
[EventDate "2009.01.10"]
[EventType "swiss"]
[EventRounds "6"]
[EventCountry "ESP"]
[SourceTitle "EXT 2011"]
[Source "ChessBase"]
[SourceDate "2010.11.26"]
[SourceVersion "1"]
[SourceVersionDate "2010.11.26"]
[SourceQuality "1"]

1. d4 Nf6 2. g3 e6 3. c4 c5 4. d5 d6 5. Bg2 Be7 6. e4 0-0 7. Ne2 Nbd7 8. 0-0 Nb6 9. b3 Nfd7 10. Bb2 Bf6 11. Bxf6 Qxf6 12. Nbc3 a6 13. Rc1 Qe7 14. a4 Nf6 15. Nf4 e5 16. Nd3 a5 17. Qd2 Ne8 18. f4 Nd7 19. fxe5 Nxe5 20. Nxe5 Qxe5 21. Nb5 Bd7 22. Qf4 Qxf4 23. Rxf4 Bxb5 24. cxb5 f6 25. Bh3 g5 26. Rf2 Ng7 27. Rcf1 Ne8 28. Be6+ Kg7 29. g4 Nc7 30. Bf5 Ne8 31. h4 gxh4 32. Rh2 b6 33. Rxh4 h6 34. Kg2 Ra7 35. Rh3 Rc7 36. Rhf3 Re7 37. Be6 Nc7 38. Bf5 Ne8 39. Kg3 Rc7 40. Be6 Re7 41. Kf4 Nc7 42. Bf5 Ne8 43. Rd1 Re5 44. Bd7 Nc7 45. Rfd3 Rd8 46. Bf5 Rf8 47. Rh1 Rh8 48. Rh5 Re7 49. Rdh3 Ree8 50. Rh2 Re7 51. Rc2 Ree8 52. Rd2 Re7 53. Kg3 Ree8 54. Bd7 Rxe4 55. Kf3 Re5 56. Rxe5 fxe5 57. Ke4 Rf8 58. Bf5 Ne8 59. Rg2 Nf6+ 60. Kd3 Nxd5 61. Rg1 Nf4+ 62. Ke4 Kf6 63. Rd1 Rd8 64. Rh1 d5+ 65. Ke3 d4+ 66. Kf3 Kg5 67. Ke4 Kf6 68. Rxh6+ Kg5 69. Rh1 Re8 70. Rh2 Re7 71. Kf3 Re8 72. Ke4 Rd8 73. Kxe5 d3 74. Rd2 Rd5+ 75. Ke4 Rd4+ 76. Ke3 Rb4 77. Bxd3 Rxb3 78. Ke4 Nxd3 79. Rxd3 Rxd3 80. Kxd3 Kxg4 81. Ke4 c4 82. Kd4 Kf5 83. Kxc4 Ke5 84. Kc3 Kd5 85. Kd3 Kc5 86. Kc3 1/2-1/2